01246nam a22002894c 4500003000900000008004100009020001800050040002500068041001800093080001100111100002500122245002500147264003200172300004100204336002700245337003300272338002800305490002800333520033400361521002400695650004600719650001500765700003500780942001400815999001300829952011400842AR-BaSMT240627b2022 enka|||ar|||| 000 1 ing d a9781474946575 aBSGBbespañolerda0 ainghInglés a82-34 1 aPunter, Russell947510aFlamingo plays bingo aLondres : bUsrborne,c2022 a24 páginas ; bilustraciones color 2rdacontentatextobtxt 2rdamediaasin mediaciónbn 2rdacarrieravolumenbnc aUsborne Phonics Readers aFlamingo can't wait to play jungle bingo! But who will be crowned winner? This entertaining story for beginner readers has simple rhyming text and stylish illustrations throughout. A delight to share with very young children, or for beginner readers to read themselves, and with parent's notes on phonics at the back of the book. aJardín / Primaria 798aLITERATURA INFANTILvInglésxPhonics 7923aCUENTO1 aSemple, DavideIlustrador9478 2ddcaBOOK c639d639 00102ddc40aBSGBbBSGBcInglés - AmarilloeCompra Feria del Libro 2026i000915l0o82-34 PUNp000915t1f